• 首页
  • 本馆介绍
  • 公告通知
  • 最新文献
  • 馆藏检索
  • 电子资源
  • 读者导购
  • 参考咨询
  • 我的图书馆
  • 登录
  • 详细信息显示
  • 放入我的书架
  • 预约/预借图书
  • 作者相关作品
  • 分类相关作品
  • 丛书相关作品
  • 出版社相关作品

书目信息

  • 表格格式
  • 工作单格式
  • 卡片格式
书名: The New man
作者: by Thomas Merton.
分册号:
分册名:
出版地: NEW YORK :
 
出版社: bantam books
出版时间: 1961.
页数: 145 p. ;
开本: 19cm.
丛书名:
中图分类号:
科图分类号:
其他分类号: B98
主题词:
电子资源:
000 00469cim a2200181u 450
001 E0739210012
005 20070711111459.78
008 850118s1961
010    @a78741503
035    @A(DLC) 78741503
040    @aDLC@cCarP@dDLC
050 00 @aLPA 83016
090    @aB98
099    @dB98@ex56
245 04 @aThe New man / @cby Thomas Merton.
260    @aNEW YORK :@bbantam books,@c1961.
300    @a145 p. ;@c19cm.
700 1  @amerton, thomas@tThe new man. [from old catalog]
    
    The New man / / by Thomas Merton.-NEW YORK : : bantam books, , 1961.
    145 p. ; ; 19cm.
    
    
    ISBN
    
●
相关链接 在E读中查询图书 在五车中查询图书 在当当中查询图书 在豆瓣中查询图书


正题名:New man     索取号:B98/x56         预约/预借

序号 登录号 条形码 馆藏地/架位号 状态 备注
1 0011886   300118860   第二样本阅览室/ [索取号:B98/x56] 在馆    
唐山师范学院图书馆 欢迎您!
大连网信软件有限公司© 版权所有